LEADER 00893nam0-2200325---450- 001 990008255740403321 005 20060113171627.0 010 $a88-7802-504-6 020 $aIT$b95-1040 035 $a000825574 035 $aFED01000825574 035 $a(Aleph)000825574FED01 035 $a000825574 100 $a20060113d1994----km-y0itay50------ba 101 0 $aita$aeng 102 $aIT 105 $ay-------001yy 200 1 $aMemoria e abitudine$eDescartes, La Forge, Spinoza$ewith a summary in English$fRoberto Bordoli 210 $aMilano$cGuerini$d© 1994 215 $a180 p.$d20 cm 225 1 $aSocrates$v15 676 $a128.3$v20$zita 700 1$aBordoli,$bRoberto$0157150 801 0$aIT$bUNINA$gRICA$2UNIMARC 901 $aBK 912 $a990008255740403321 952 $aXI C B 95$b2663$fDFD 959 $aDFD 996 $aMemoria e abitudine$9743336 997 $aUNINA LEADER 01082nam0-22003251i-450- 001 990003847430403321 005 20080108152829.0 035 $a000384743 035 $aFED01000384743 035 $a(Aleph)000384743FED01 035 $a000384743 100 $a20030910d--------km-y0itay50------ba 101 0 $aita 102 $aIT 200 1 $aCommerce international et développement économique$fpar Jacob Viner. 210 $aParis$cInstitut pour le developpement économique$cBanque internationale pour la reconstruction et le developpement$d1963. 215 $a136 p.$d21 cm 300 $a[Trad. di : International Trade and economic Development, 2nd ed., 1957] 610 0 $aCommercio internazionale e sviluppo economico 676 $aF/3.2 676 $aO/3.10 676 $aO/3.3 700 1$aViner,$bJacob$f<1892-1970>$0107171 801 0$aIT$bUNINA$gRICA$2UNIMARC 901 $aBK 912 $a990003847430403321 952 $aO/3.10 VIN$b039978/137$fSES 959 $aSES 996 $aCommerce international et développement économique$9507213 997 $aUNINA